000
00281nam a22001217a 4500
008
180209b xxu||||| |||| 00| 0 eng d
041
_a
eng
080
_a
159.9
100
_a
49
101
_a
psi
245
_a
forecasting methods and applications
_c
steven.c.w
942
_2
udc
_c
BK
999
_c
42220
_d
42220